PHARMACEUTICS -II (PRACTICAL NOTE BOOK )REGULATION 1991----1993) (Record no. 6152)

MARC details
000 -LEADER
fixed length control field 00501nam a22001817a 4500
005 - DATE AND TIME OF LATEST TRANSACTION
control field 20230112120932.0
008 - FIXED-LENGTH DATA ELEMENTS--GENERAL INFORMATION
fixed length control field 200318b xxu||||| |||| 00| 0 eng d
020 ## - INTERNATIONAL STANDARD BOOK NUMBER
ISBN 9788123900377
041 ## - LANGUAGE CODE
Language code of text/sound track or separate title eng
082 ## - DEWEY DECIMAL CLASSIFICATION NUMBER
Classification number 615
100 ## - MAIN ENTRY--AUTHOR NAME
Personal name GUPTA,A.K
245 ## - TITLE STATEMENT
Title PHARMACEUTICS -II (PRACTICAL NOTE BOOK )REGULATION 1991----1993)
Statement of responsibility, etc A.K GUPTA
250 ## - EDITION STATEMENT
Edition statement 1'ST
260 ## - PUBLICATION, DISTRIBUTION, ETC. (IMPRINT)
Place of publication NEW DELHI
Name of publisher CBS PUBLISHERS AND DISTRIBUTORS
Year of publication 2020
300 ## - PHYSICAL DESCRIPTION
Number of Pages 231P. ; V
650 ## - SUBJECT ADDED ENTRY--TOPICAL TERM
Topical Term PHARMACY
General subdivision B.PHARMA
942 ## - ADDED ENTRY ELEMENTS (KOHA)
Koha item type Books
Holdings
Lost status Damaged status Collection code Home library Current library Shelving location Date acquired Source of acquisition Cost, normal purchase price Full call number Accession Number Koha item type
    PHARMACY JRU Library JRU Library Shelf - 27- A 18/03/2020 PURCHASE 295.00 615 23807 Books
    Reference JRU Library JRU Library SHELF-4-C 18/03/2020 PURCHASE 295.00 615 23808 Books
    PHARMACY JRU Library JRU Library Shelf - 27- A 09/02/2022 PURCHASE 315.00 615 26055 Books
    PHARMACY JRU Library JRU Library Shelf - 24- A 09/02/2022 PURCHASE 315.00 615 26056 Books